000
00328nam a22001457a 4500
008
221102b ||||| |||| 00| 0 eng d
020
_a
2900393936383
041
_a
eng
080
_2
12TH EDITION
_a
781
082
_a
781
100
_a
20.1
101
_a
MUZIK
245
_a
THE ENJOYMENT OF MUSIC
_c
FORNEY K
942
_2
udc
_c
BK
999
_c
58721
_d
58721